| 000 | 01256nam a22002297a 4500 | ||
|---|---|---|---|
| 003 | Uzh_bibl | ||
| 008 | 260525b |||||||| |||| 00| 0 ukr d | ||
| 020 |
_a978-0-00-787474-3 _c100.00 |
||
| 040 | _bукр. | ||
| 041 |
_2eng _aeng |
||
| 080 | _a821(410) | ||
| 090 |
_a821(410) _bМ 83 |
||
| 100 | _a Morpurgo, Michael | ||
| 245 |
_aThe Amazing Story of Adolphus Tips _hText |
||
| 260 |
_aLondon _bHarperCollins Publishers _c2005 |
||
| 300 |
_a190 s. _fВ опр. |
||
| 520 | _aA heartwarming tale of courage, set against the backdrop of the Second World War, about a deserted village, a lifelong friendship and one very adventurous cat! ‘A master storyteller at his best’ Sunday Times It’s 1943. Lily lives in a seaside village and her life is scarcely touched by the war. Until one day when the villagers are all told to move out of their homes. Soon, the whole area is out of bounds, as the allied forces prepare to invade France. But Tips, Lily’s cat, has other ideas – and returns to the forbidden area. Lily decides to enter the danger zone to look for Tips herself . . | ||
| 521 | _aДля підлітків | ||
| 546 | _aукр. | ||
| 650 | _aЛітературно-художне видання | ||
| 942 |
_2udc _cBK |
||
| 999 |
_c17941 _d17941 |
||